00000000nam 2200000za 4500
0019.846727
003CaOODSP
00520221107153255
007cr |||||||||||
008171107s1986    onc    |o    f|0| 0 eng d
040 |aCaOODSP|beng
043 |an-cn---
0861 |aCS11-0019/4E-PDF
1001 |aPicot, W. G.
24510|aModelling the lifetime employment patterns of Canadians |h[electronic resource] / |cby Garnett Picot.
260 |a[Ottawa] : |bStatistics Canada, |c1986.
300 |a30 p.
4900 |aResearch paper series ; |vno. 4
500 |aIssued also in French under title: La modélisation des profils d'emploi des Canadiens au cours de leur existence.
500 |aDigitized edition from print [produced by Statistics Canada].
504 |aIncludes bibliographic references.
520 |a"This paper utilizes data from Statistics Canada's Family History Survey (FHS) to study the relationship between family-related variables and the movement of Canadians - women in particular - in and out of employment. These relationships are explored by expressing transition probabilities as a function of variables such as age, sex, marital status, age of youngest child and educational attainment."--Abstract.
69207|2gccst|aEmployment
69207|2gccst|aWorkers
7102 |aStatistics Canada. |bAnalytical Studies Branch.
77508|tLa modélisation des profils d'emploi des Canadiens au cours de leur existence |w(CaOODSP)9.846732
830#0|aResearch paper series (Statistics Canada. Analytical Studies Branch)|vno. 4|w(CaOODSP)9.504421
85640|qPDF|s3.65 MB|uhttps://publications.gc.ca/collections/collection_2017/statcan/11f0019m/CS11-0019-4-eng.pdf